000 00333nam a22001577a 4500
003 SGT
020 _a978-81-8424-923-1
082 _a954
100 _aAganihotri,V.K
245 _aIndian History and culture
250 _a28th
260 _aAllied Publishers
_c2014
300 _a420
650 _aINDIAN HISTORY
942 _2ddc
_cBK
999 _c8169
_d8169